[Event "Mitropa Online Cup Open 2021"]
[Site "Hybrid"]
[Date "2021.05.04"]
[Round "3.5"]
[White "Dragnev, Valentin"]
[Black "Antal, Gergely"]
[Result "1/2-1/2"]
[WhiteElo "2559"]
[BlackElo "2572"]
[Annotator "TA"]
[PlyCount "63"]
[EventDate "2021.05.04"]
[EventType "team-tourn"]
[EventCountry "NET"]
[SourceTitle "playchess.com"]
[Source "ChessBase"]
[SourceQuality "1"]
[WhiteTeam "Austria"]
[BlackTeam "Hungary"]
[WhiteTeamCountry "AUT"]
[BlackTeamCountry "HUN"]

{[%evp 14,63,0,0,11,0,29,-10,20,21,23,30,28,28,27,35,27,29,43,30,34,39,29,30,37,30,36,28,26,37,26,10,9,0,0,0,0,0,0,0,0,0,0,0,0,0,0,0,0,0,0,0]} 1. e4 c6 2. d4 d5 3. e5 Bf5 4. h4 h5 5. c4 e6 6. Nc3 dxc4 7. Bxc4 Nd7 8. Nge2 Be7 {B12: Caro-Kann: Advance Variation.} 9. g3 Nh6 10. Bf4 {[#]} Nb6 $146 ({Predecessor:} 10... Bg4 11. Qd2 Nb6 12. Bb3 Bf3 13. O-O Nf5 14. Bg5 Bxg5 15. hxg5 g6 16. Qf4 Bxe2 {½-½ (16) Blohberger,F (2467)-Berkes,F (2661) Skalica 2020}) 11. Bb3 Qd7 12. O-O Rd8 13. Qd2 Bg6 14. Bxh6 Rxh6 15. Rad1 Qc8 16. Bc2 c5 17. Qc1 cxd4 18. Nxd4 Qc5 19. Nf3 Bxc2 $1 20. Rxd8+ Bxd8 21. Qxc2 Rg6 $1 {[%cal Rg6g3] [#] Strongly threatening ...Rxg3+.} 22. Kh2 Rg4 {The position is equal.} 23. Qh7 g6 $1 24. Qg8+ Qf8 25. Qh7 Qc5 26. Kg2 Nd7 27. Rd1 Bb6 28. Rd2 Qc6 29. Rd6 Qc5 30. Rd2 {Black must now prevent Ng5.} Qc6 31. Rd6 Qc5 32. Rd2 {Weighted Error Value: White=0.04/Black=0.02} 1/2-1/2

[Event "Mitropa Online Cup Open 2021"]
[Site "Hybrid"]
[Date "2021.05.04"]
[Round "3.5"]
[White "Mihok, Oliver"]
[Black "Blohberger, Felix"]
[Result "1/2-1/2"]
[WhiteElo "2547"]
[BlackElo "2463"]
[Annotator "TA"]
[PlyCount "66"]
[EventDate "2021.05.04"]
[EventType "team-tourn"]
[EventCountry "NET"]
[SourceTitle "playchess.com"]
[Source "ChessBase"]
[SourceQuality "1"]
[WhiteTeam "Hungary"]
[BlackTeam "Austria"]
[WhiteTeamCountry "HUN"]
[BlackTeamCountry "AUT"]

{[%evp 9,66,-4,-4,-4,-10,-11,0,-28,9,24,28,27,18,22,34,32,31,-12,-19,-25,-15,-41,-21,-6,-14,-16,-10,0,0,0,0,0,0,0,0,-20,-20,-25,-19,-22,-13,-29,-15,-14,0,0,0,0,0,0,0,0,0,0,0,0,0,0,0]} 1. d4 d5 2. Nc3 Nf6 3. Bf4 c5 4. e3 cxd4 5. exd4 a6 6. Nf3 {B13: Caro-Kann: Exchange Variation and Panov-Botvinnik Attack.} Nc6 7. Ne5 Bd7 8. g4 {Recently 8.g3 got a lot of attention.} (8. g3 {looks sharper.} e6 9. Nxd7 Nxd7 10. Ne2 Qb6 11. Bg2) 8... Nxe5 (8... e6 {keeps more tension.} 9. g5 Nxe5 10. Bxe5 Ng8 11. Qd2 Ne7) 9. dxe5 {[#]} Ne4 $146 ({Predecessor:} 9... Bxg4 10. Qd4 Nd7 11. Rg1 Be6 12. O-O-O Qc7 13. Nxd5 Bxd5 14. e6 Qxf4+ 15. Qxf4 Bxe6 {1-0 (73) Ghimpu,S (2302)-Warmerdam,M (2506) chess.com INT 2020}) 10. Nxe4 dxe4 11. Bg2 Bc6 12. Qe2 Qa5+ 13. Bd2 Qxe5 14. O-O-O h5 15. g5 e6 (15... Qe6 $5 {[%cal Re6a2]} 16. Bc3 Qg4 17. Qxg4 hxg4 $15) 16. f4 Qf5 17. Rhe1 {[%cal Rg2e4]} Bd6 18. Bxe4 Bxe4 19. Qxe4 O-O 20. Qxf5 exf5 21. Be3 Rad8 22. Rxd6 {[%mdl 64] [#] Remove Defender} Rxd6 $11 {[%mdl 4096] Endgame KRR-KRB} 23. Bc5 Rc6 24. Bxf8 Kxf8 {KR-KR} 25. Kd2 Rc4 26. Rf1 {The position is equal.} b5 27. c3 Re4 28. Rf3 h4 29. b3 g6 30. Kd3 f6 31. gxf6 Kf7 32. c4 bxc4+ 33. bxc4 Kxf6 {Weighted Error Value: White=0.05/Black=0.04} 1/2-1/2

[Event "Mitropa Online Cup Open 2021"]
[Site "Hybrid"]
[Date "2021.05.04"]
[Round "3.5"]
[White "Schwabeneder, Florian"]
[Black "Nagy, Gabor"]
[Result "1/2-1/2"]
[WhiteElo "2443"]
[BlackElo "2511"]
[Annotator "TA"]
[PlyCount "92"]
[EventDate "2021.05.04"]
[EventType "team-tourn"]
[EventCountry "NET"]
[SourceTitle "playchess.com"]
[Source "ChessBase"]
[SourceQuality "1"]
[WhiteTeam "Austria"]
[BlackTeam "Hungary"]
[WhiteTeamCountry "AUT"]
[BlackTeamCountry "HUN"]

{[%evp 19,92,20,26,22,26,27,47,19,26,19,19,16,18,14,21,19,18,17,20,14,35,12,14,6,18,18,25,18,18,19,19,16,16,16,16,16,16,16,16,16,18,18,27,27,20,0,0,0,0,0,0,0,0,0,0,0,0,0,0,0,0,0,0,0,0,0,0,0,0,0,0,0,0,0,0]} 1. e4 e5 2. Nf3 Nc6 3. Bb5 a6 4. Ba4 d6 5. O-O Bd7 6. c3 g6 7. d4 Bg7 8. dxe5 Nxe5 9. Nxe5 dxe5 10. Be3 Nf6 11. f3 {C76: Ruy Lopez: Deferred Steinitz: 5 c3 Bd7 6 d4 g6.} O-O 12. Bxd7 Qxd7 13. Qxd7 {White is slightly better.} Nxd7 14. Nd2 Rfd8 15. Rfd1 Nf8 16. Nc4 b6 17. Kf2 f6 18. Ke2 Kf7 {[#]} 19. g3 $146 ({Predecessor:} 19. a4 Ke8 20. Rd5 Rxd5 21. exd5 Nd7 22. f4 f5 23. h3 Kf7 24. d6 cxd6 25. Rd1 {½-½ (36) Souleidis,G (2427)-Sebastian,D (2453) Hamburg 2019}) 19... Ke7 20. Bd2 Ne6 21. Ne3 c6 22. Nc4 b5 23. Na5 Rac8 24. Be3 Bf8 25. Rxd8 Kxd8 26. a4 Ke8 27. axb5 axb5 28. Nb3 Kd7 29. f4 exf4 30. gxf4 f5 31. exf5 gxf5 32. Nd4 {The position is equal.} (32. Kf3 {is interesting.} Bd6 33. Ra7+ Rc7 34. Ra6 Be7 35. Ra8) 32... Nxd4+ 33. Bxd4 $11 {[%mdl 4096] Endgame KRB-KRB} Bd6 34. Kf3 Ke6 35. Re1+ Kf7 36. Ra1 Ke6 37. Be5 Bc5 38. b4 Be7 39. Re1 Kf7 40. Ra1 Ke6 41. Ra7 h5 42. Ra1 Rd8 43. Ke3 Rg8 44. Kf3 Rd8 45. Ke3 Rg8 46. Kf3 Rd8 {Weighted Error Value: White=0.03/Black=0.01} 1/2-1/2

[Event "Mitropa Online Cup Open 2021"]
[Site "Hybrid"]
[Date "2021.05.04"]
[Round "3.5"]
[White "Borhy, Marcell"]
[Black "Morgunov, Marc"]
[Result "1/2-1/2"]
[WhiteElo "2406"]
[BlackElo "2385"]
[Annotator "TA"]
[PlyCount "93"]
[EventDate "2021.05.04"]
[EventType "team-tourn"]
[EventCountry "NET"]
[SourceTitle "playchess.com"]
[Source "ChessBase"]
[SourceQuality "1"]
[WhiteTeam "Hungary"]
[BlackTeam "Austria"]
[WhiteTeamCountry "HUN"]
[BlackTeamCountry "AUT"]

{[%evp 19,93,52,50,52,52,50,48,52,52,52,59,38,54,48,52,40,45,21,25,20,21,0,56,0,16,10,114,83,145,145,126,140,145,132,185,179,183,180,183,189,264,264,281,279,273,257,281,279,338,337,327,328,532,0,0,-27,-8,-8,0,0,0,0,0,0,0,0,0,0,0,0,0,0,0,0,0,0]} 1. Nf3 Nf6 2. c4 g6 3. d4 Bg7 4. g3 O-O 5. Bg2 d6 6. O-O Nc6 7. Nc3 e5 8. dxe5 dxe5 9. Bg5 h6 10. Qxd8 Rxd8 11. Bxf6 {E62: King's Indian: Fianchetto: 6...c6 and Panno Variation (6...Nc6) without ...a6.} Bxf6 12. Nd5 Kg7 $1 {[%mdl 4] outshines the older 12...Bg7.} 13. Nxc7 {White is slightly better.} Rb8 14. e4 Be7 15. h3 Bc5 16. Rfd1 Be6 17. Nd5 (17. Bf1 {seems wilder.} Bd7 18. Kg2 Rbc8 19. Nd5 f6 20. Rd2) 17... a5 {[#]} 18. Ne1 $146 ({Predecessor:} 18. b3 b6 19. Rd2 Rd7 20. Rad1 Rbd8 21. Nc3 Rxd2 22. Rxd2 Nd4 23. Nxd4 Rxd4 24. Rxd4 Bxd4 {½-½ (39) Vidit,S (2726)-Dubov,D (2699) Chess.com INT 2020}) 18... Bd4 19. Rab1 b5 20. b3 Nb4 (20... bxc4 $11 21. bxc4 Nb4) 21. a3 Na2 22. Rd2 Nc3 (22... Bxd5 $11 23. cxd5 Nc3) 23. Nxc3 $16 Bxc3 ({Better is} 23... bxc4 24. Nd5 cxb3) 24. Rxd8 {[%mdl 64] [#] Overworked Piece} Rxd8 25. cxb5 Rd2 26. Nf3 Rd6 (26... Rb2 $16 {might work better.} 27. Rxb2 Bxb2) 27. Bf1 $18 f5 28. exf5 gxf5 29. a4 e4 (29... Kf6 $142 30. Rc1 Bb4) 30. Nh4 Rd2 31. Ng2 Kf6 32. Bc4 Bc8 33. Ne3 Bd4 34. b4 axb4 35. Rxb4 h5 $2 (35... Rb2 36. Rxb2 Bxb2) 36. a5 $2 (36. b6 $18) 36... h4 $1 $11 {[%cal Rh4g3] aiming for ...hxg3.} 37. Rb3 hxg3 38. fxg3 {The position is equal.} Ke5 39. Kf1 Bxe3 40. Rxe3 {[%mdl 4096] Endgame KRB-KRB} Kd4 {[%mdl 64] [#] Double Attack} 41. Re1 Kxc4 {KRB-KR} 42. Rc1+ Kd3 {Hoping for ...Be6.} 43. Rxc8 {Strongly threatening Rc1.} Rd1+ 44. Kg2 {And now Rd8+ would win.} Rd2+ 45. Kf1 {Rc1 is the strong threat.} Rd1+ 46. Kg2 {Threatens to win with Rd8+.} Rd2+ 47. Kf1 {White really could win this.  Weighted Error Value: White=0.16/Black=0.21} 1/2-1/2

[Event "Mitropa Online Cup Open 2021"]
[Site "Hybrid"]
[Date "2021.05.04"]
[Round "4.1"]
[White "Fridman, Daniel"]
[Black "Hera, Imre Jr."]
[Result "1/2-1/2"]
[WhiteElo "2601"]
[BlackElo "2610"]
[Annotator "TA"]
[PlyCount "47"]
[EventDate "2021.05.04"]
[EventType "team-tourn"]
[EventCountry "NET"]
[SourceTitle "playchess.com"]
[Source "ChessBase"]
[SourceQuality "1"]
[WhiteTeam "Germany"]
[BlackTeam "Hungary"]
[WhiteTeamCountry "GER"]
[BlackTeamCountry "HUN"]

{[%evp 19,47,6,0,11,0,0,0,0,0,0,0,0,0,0,5,0,0,0,0,0,0,0,0,0,0,0,0,0,0,0]} 1. d4 Nf6 2. Nf3 e6 3. c4 d5 4. g3 Be7 5. Bg2 O-O 6. O-O c6 7. Qc2 b6 8. Rd1 Nbd7 9. Bf4 Bb7 10. Nc3 dxc4 {The position is equal.} 11. Nd2 {E08: Closed Catalan: Main Line: 7 Qc2.} Nd5 12. Nxc4 Nxf4 13. gxf4 Qc7 14. e3 Rad8 15. Rac1 c5 {Black wants to play ...Bxg2.} 16. d5 exd5 17. Nxd5 Bxd5 18. Rxd5 b5 19. Ne5 $5 {[%mdl 4] An interesting side line.} Nxe5 20. Rxe5 Bd6 21. Rd5 Be7 22. Re5 Bd6 23. Rd5 Be7 {[#]} 24. Re5 $146 {Not much happened in this game.  Weighted Error Value: White=0.00/Black=0.00} ({Predecessor:} 24. a4 a6 25. Rcd1 g6 26. axb5 axb5 27. b3 Rxd5 28. Rxd5 Rd8 29. Rxd8+ Qxd8 30. Bf1 Qd7 31. Qd3 Qxd3 32. Bxd3 b4 {½-½ (31) Swiercz,D (2654)-Ipatov,A (2665) Saint Louis 2018}) 1/2-1/2

[Event "Mitropa Online Cup Open 2021"]
[Site "Hybrid"]
[Date "2021.05.04"]
[Round "4.1"]
[White "Antal, Gergely"]
[Black "Parvanyan, Ashot"]
[Result "0-1"]
[WhiteElo "2572"]
[BlackElo "2436"]
[Annotator "ChessBase"]
[PlyCount "72"]
[EventDate "2021.05.04"]
[EventType "team-tourn"]
[EventCountry "NET"]
[SourceTitle "playchess.com"]
[Source "ChessBase"]
[SourceQuality "1"]
[WhiteTeam "Hungary"]
[BlackTeam "Germany"]
[WhiteTeamCountry "HUN"]
[BlackTeamCountry "GER"]
[TimeControl "40/5400+30:1800+30"]

1. e4 {[%emt 0:00:00]} e6 {[%emt 0:00:21]} 2. d4 {[%emt 0:00:08]} d5 {[%emt 0:00:07]} 3. Nd2 {[%emt 0:00:05]} Be7 {[%emt 0:00:30]} 4. c3 {[%emt 0:01:10]} c5 {[%emt 0:01:17]} 5. dxc5 {[%emt 0:00:48]} Nf6 {[%emt 0:00:32]} 6. e5 {[%emt 0:01:05]} Nfd7 {[%emt 0:01:04]} 7. f4 {[%emt 0:00:48]} a5 {[%emt 0:14:27]} 8. Ngf3 {[%emt 0:08:18]} a4 {[%emt 0:04:09]} 9. Bb5 {[%emt 0:02:45]} Qa5 {[%emt 0:00:41]} 10. Nd4 {[%emt 0:02:19]} O-O {[%emt 0:11:31]} 11. b4 {[%emt 0:35:10]} axb3 {[%emt 0:01:19]} 12. N2xb3 {[%emt 0:00:08]} Qc7 {[%emt 0:05:09]} 13. O-O {[%emt 0:00:30]} Nxc5 {[%emt 0:02:43]} 14. Nxc5 {[%emt 0:00:22]} Bxc5 {[%emt 0:00:54]} 15. Kh1 {[%emt 0:01:49]} Nc6 {[%emt 0:03:38]} 16. Be3 {[%emt 0:03:04]} Ne7 {[%emt 0:13:25]} 17. Bd3 {[%emt 0:00:35]} Nf5 {[%emt 0:13:43]} 18. Bxf5 {[%emt 0:10:17]} exf5 {[%emt 0:00:16]} 19. Nb5 {[%emt 0:00:10]} Qb6 {[%emt 0:01:36]} 20. Bxc5 {[%emt 0:00:20]} Qxc5 {[%emt 0:00:08]} 21. Nd6 {[%emt 0:00:16]} Ra3 {[%emt 0:05:10]} 22. Rf3 {[%emt 0:02:20]} b6 {[%emt 0:09:23]} 23. Qc2 {[%emt 0:02:38]} g6 {[%emt 0:02:34]} 24. Rb1 {[%emt 0:01:28]} Bd7 {[%emt 0:01:31]} 25. h3 {[%emt 0:12:59]} Rfa8 {[%emt 0:01:19]} 26. Rb2 {[%emt 0:00:13]} Qa5 {[%emt 0:01:11]} 27. Qf2 {[%emt 0:05:17]} Rxc3 {[%emt 0:01:57]} 28. Rxc3 {[%emt 0:00:59]} Qxc3 {[%emt 0:00:02]} 29. Rc2 {[%emt 0:02:20]} Qb4 {[%emt 0:02:30]} 30. Rc7 {[%emt 0:00:56]} Be6 {[%emt 0:00:05]} 31. Qh4 {[%emt 0:02:14]} Rf8 {[%emt 0:00:11]} 32. Re7 {[%emt 0:01:17]} Qa4 {[%emt 0:00:54]} 33. Kh2 {[%emt 0:02:57]} d4 {[%emt 0:00:12]} 34. Qf6 {[%emt 0:00:36]} d3 {[%emt 0:00:20]} 35. Rxe6 {[%emt 0:00:34]} Qxf4+ {[%emt 0:00:11]} 36. Kh1 {[%emt 0:00:13]} d2 {[%emt 0:00:08]} 0-1

[Event "Mitropa Online Cup Open 2021"]
[Site "Hybrid"]
[Date "2021.05.04"]
[Round "4.1"]
[White "Koellner, Ruben Gideon"]
[Black "Nagy, Gabor"]
[Result "1/2-1/2"]
[WhiteElo "2412"]
[BlackElo "2511"]
[Annotator "ChessBase"]
[PlyCount "83"]
[EventDate "2021.05.04"]
[EventType "team-tourn"]
[EventCountry "NET"]
[SourceTitle "playchess.com"]
[Source "ChessBase"]
[SourceQuality "1"]
[WhiteTeam "Germany"]
[BlackTeam "Hungary"]
[WhiteTeamCountry "GER"]
[BlackTeamCountry "HUN"]
[TimeControl "40/5400+30:1800+30"]

1. d4 {[%emt 0:00:00]} Nf6 {[%emt 0:00:08]} 2. Nf3 {[%emt 0:00:06]} g6 {[%emt 0:00:09]} 3. Nbd2 {[%emt 0:00:06]} d5 {[%emt 0:00:09]} 4. e3 {[%emt 0:00:03]} Bg7 {[%emt 0:00:07]} 5. b4 {[%emt 0:00:03]} a5 {[%emt 0:00:26]} 6. b5 {[%emt 0:00:03]} c5 {[%emt 0:00:11]} 7. bxc6 {[%emt 0:00:03]} Nxc6 {[%emt 0:00:09]} 8. Be2 {[%emt 0:00:45]} O-O {[%emt 0:00:24]} 9. a4 {[%emt 0:00:11]} Bf5 {[%emt 0:05:45]} 10. c3 {[%emt 0:00:10]} e5 {[%emt 0:06:40]} 11. Ba3 {[%emt 0:01:56]} Re8 {[%emt 0:01:16]} 12. h3 {[%emt 0:00:23]} Ne4 {[%emt 0:08:23]} 13. Rc1 {[%emt 0:01:26]} exd4 {[%emt 0:03:36]} 14. Nxe4 {[%emt 0:15:56]} Bxe4 {[%emt 0:09:00]} 15. cxd4 {[%emt 0:01:40]} Bxf3 {[%emt 0:00:51]} 16. Bxf3 {[%emt 0:05:26]} Nxd4 {[%emt 0:00:28]} 17. O-O {[%emt 0:00:05]} Nxf3+ {[%emt 0:00:31]} 18. Qxf3 {[%emt 0:00:04]} Qd7 {[%emt 0:00:55]} 19. Rfd1 {[%emt 0:08:23]} Rad8 {[%emt 0:04:52]} 20. Rb1 {[%emt 0:03:32]} Re5 {[%emt 0:04:35]} 21. Rb5 {[%emt 0:03:17]} Rf5 {[%emt 0:00:30]} 22. Qe2 {[%emt 0:02:53]} d4 {[%emt 0:01:39]} 23. exd4 {[%emt 0:22:10]} Rxb5 {[%emt 0:01:46]} 24. axb5 {[%emt 0:00:18]} Bxd4 {[%emt 0:01:20]} 25. Kh1 {[%emt 0:01:54]} Qe6 {[%emt 0:03:09]} 26. Qd2 {[%emt 0:06:20]} Qb6 {[%emt 0:00:42]} 27. Be7 {[%emt 0:11:15]} Re8 {[%emt 0:00:58]} 28. Bh4 {[%emt 0:00:34]} Re4 {[%emt 0:03:20]} 29. Bg3 {[%emt 0:01:46]} Bf6 {[%emt 0:03:04]} 30. Qd7 {[%emt 0:03:03]} Re6 {[%emt 0:05:36]} 31. Bc7 {[%emt 0:07:18]} Qxf2 {[%emt 0:00:51]} 32. Bxa5 {[%emt 0:00:33]} b6 {[%emt 0:08:06]} 33. Qc8+ {[%emt 0:00:59]} Kg7 {[%emt 0:01:03]} 34. Bb4 {[%emt 0:00:05]} Be7 {[%emt 0:04:05]} 35. Bc3+ {[%emt 0:00:06]} Kh6 {[%emt 0:05:11]} 36. Qg8 {[%emt 0:00:53]} Re2 {[%emt 0:01:14]} 37. Qg7+ {[%emt 0:01:20]} Kg5 {[%emt 0:00:08]} 38. Rd5+ {[%emt 0:00:46]} f5 {[%emt 0:00:18]} 39. Bd2+ {[%emt 0:00:51]} Rxd2 {[%emt 0:00:06]} 40. Qxe7+ {[%emt 0:00:00]} Kh6 {[%emt 0:00:00]} 41. Rxd2 {[%emt 0:03:19]} Qxd2 {[%emt 0:00:48]} 42. Qh4+ {[%emt 0:00:06]} 1/2-1/2

[Event "Mitropa Online Cup Open 2021"]
[Site "Hybrid"]
[Date "2021.05.04"]
[Round "4.1"]
[White "Borhy, Marcell"]
[Black "Krastev, Alexander"]
[Result "0-1"]
[WhiteElo "2406"]
[BlackElo "2367"]
[Annotator "NA"]
[PlyCount "70"]
[EventDate "2021.05.04"]
[EventType "team-tourn"]
[EventCountry "NET"]
[SourceTitle "playchess.com"]
[Source "ChessBase"]
[SourceQuality "1"]
[WhiteTeam "Hungary"]
[BlackTeam "Germany"]
[WhiteTeamCountry "HUN"]
[BlackTeamCountry "GER"]
[TimeControl "40/5400+30:1800+30"]

1. d4 {[%emt 0:00:00]} Nf6 {[%emt 0:00:06]} 2. c4 {[%emt 0:00:06]} e6 {[%emt 0:00:05]} 3. Nf3 {[%emt 0:00:10]} c5 {[%emt 0:00:14]} 4. d5 {[%emt 0:01:11]} d6 {[%emt 0:00:12]} 5. Nc3 {[%emt 0:00:08]} g6 {[%emt 0:00:28]} 6. e4 {[%emt 0:00:26]} Bg7 {[%emt 0:00:07]} 7. h3 {[%emt 0:01:01]} O-O {[%emt 0:00:07]} 8. Bd3 {[%emt 0:00:06]} Nbd7 {[%emt 0:00:07]} 9. Be3 {[%emt 0:00:37]} a6 {[%emt 0:11:33]} 10. dxe6 {[%emt 0:11:14]} fxe6 {[%emt 0:00:26]} 11. Qd2 {[%emt 0:01:23]} b6 {[%emt 0:26:26]} 12. Rd1 {[%emt 0:05:54]} Bb7 {[%emt 0:08:47]} 13. Bb1 {[%emt 0:09:25]} Ne8 {[%emt 0:01:33]} 14. h4 {[%emt 0:17:02]} b5 {[%emt 0:11:43]} 15. cxb5 {[%emt 0:03:35]} axb5 {[%emt 0:00:45]} 16. Nxb5 {[%emt 0:03:30]} d5 {[%emt 0:02:09]} 17. b3 {[%emt 0:03:00]} Qb6 {[%emt 0:09:46]} 18. a4 {[%emt 0:00:57]} Nef6 {[%emt 0:00:59]} 19. e5 {[%emt 0:07:20]} Ng4 {[%emt 0:00:49]} 20. h5 {[%emt 0:01:54]} Rxf3 {[%emt 0:03:04]} 21. gxf3 {[%emt 0:02:24]} Ngxe5 {[%emt 0:00:03]} 22. Rh3 {[%emt 0:03:43]} d4 {[%emt 0:01:46]} 23. hxg6 {[%emt 0:03:57]} Nxf3+ {[%emt 0:04:31]} 24. Rxf3 {[%emt 0:00:17]} Bxf3 {[%emt 0:00:02]} 25. gxh7+ {[%emt 0:00:10]} Kh8 {[%emt 0:00:02]} 26. Bh6 {[%emt 0:03:13]} Bxh6 {[%emt 0:01:57]} 27. Qxh6 {[%emt 0:00:05]} Bxd1 {[%emt 0:00:04]} 28. Kxd1 {[%emt 0:00:46]} Qc6 {[%emt 0:00:51]} 29. Ke2 {[%emt 0:04:46]} Rf8 {[%emt 0:00:57]} 30. Qh3 {[%emt 0:03:19]} Qd5 {[%emt 0:00:50]} 31. Qg3 {[%emt 0:00:57]} e5 {[%emt 0:07:54]} 32. Bd3 {[%emt 0:07:02]} e4 {[%emt 0:02:15]} 33. Bc4 {[%emt 0:00:21]} Qh5+ {[%emt 0:00:02]} 34. Ke1 {[%emt 0:01:50]} Qh1+ {[%emt 0:00:54]} 35. Kd2 {[%emt 0:02:46]} Rxf2+ {[%emt 0:00:39]} 0-1

[Event "Mitropa Online Cup Open 2021"]
[Site "Hybrid"]
[Date "2021.05.04"]
[Round "4.2"]
[White "Gazik, Viktor"]
[Black "Dragnev, Valentin"]
[Result "1/2-1/2"]
[WhiteElo "2542"]
[BlackElo "2559"]
[Annotator "ChessBase"]
[PlyCount "58"]
[EventDate "2021.05.04"]
[EventType "team-tourn"]
[EventCountry "NET"]
[SourceTitle "playchess.com"]
[Source "ChessBase"]
[SourceQuality "1"]
[WhiteTeam "Slovakia"]
[BlackTeam "Austria"]
[WhiteTeamCountry "SVK"]
[BlackTeamCountry "AUT"]
[TimeControl "40/5400+30:1800+30"]

1. e4 {[%emt 0:00:00]} c5 {[%emt 0:00:25]} 2. Nf3 {[%emt 0:00:43]} d6 {[%emt 0:00:07]} 3. Nc3 {[%emt 0:01:40]} Nf6 {[%emt 0:00:09]} 4. d4 {[%emt 0:00:17]} cxd4 {[%emt 0:00:07]} 5. Nxd4 {[%emt 0:00:02]} a6 {[%emt 0:00:08]} 6. Nb3 {[%emt 0:04:19]} e6 {[%emt 0:02:59]} 7. g4 {[%emt 0:00:31]} h6 {[%emt 0:02:46]} 8. Be3 {[%emt 0:15:06]} Qc7 {[%emt 0:04:03]} 9. Bg2 {[%emt 0:08:39]} Nbd7 {[%emt 0:14:19]} 10. h4 {[%emt 0:05:29]} h5 {[%emt 0:01:12]} 11. g5 {[%emt 0:00:21]} Ng4 {[%emt 0:00:41]} 12. Bd4 {[%emt 0:00:48]} b5 {[%emt 0:02:12]} 13. f3 {[%emt 0:07:20]} Nge5 {[%emt 0:00:41]} 14. f4 {[%emt 0:01:29]} Nc4 {[%emt 0:01:19]} 15. Qe2 {[%emt 0:00:51]} b4 {[%emt 0:04:09]} 16. Nd5 {[%emt 0:04:21]} exd5 {[%emt 0:01:00]} 17. exd5+ {[%emt 0:00:04]} Be7 {[%emt 0:08:28]} 18. O-O {[%emt 0:15:17]} Ndb6 {[%emt 0:00:39]} 19. Rae1 {[%emt 0:04:57]} Bg4 {[%emt 0:01:52]} 20. Qf2 {[%emt 0:00:56]} O-O {[%emt 0:10:19]} 21. Na5 {[%emt 0:01:06]} Bd8 {[%emt 0:07:12]} 22. Nc6 {[%emt 0:01:32]} Nc8 {[%emt 0:08:29]} 23. b3 {[%emt 0:08:14]} Na5 {[%emt 0:01:10]} 24. Nxd8 {[%emt 0:03:34]} Qxd8 {[%emt 0:01:30]} 25. f5 {[%emt 0:01:44]} Nb7 {[%emt 0:01:00]} 26. Bf3 {[%emt 0:02:23]} Bh3 {[%emt 0:02:36]} 27. Bg2 {[%emt 0:00:34]} Bg4 {[%emt 0:00:15]} 28. Bf3 {[%emt 0:00:07]} Bh3 {[%emt 0:00:43]} 29. Bg2 {[%emt 0:00:06]} Bg4 {[%emt 0:03:16]} 1/2-1/2

[Event "Mitropa Online Cup Open 2021"]
[Site "Hybrid"]
[Date "2021.05.04"]
[Round "4.2"]
[White "Druska, Juraj"]
[Black "Froewis, Georg"]
[Result "1-0"]
[WhiteElo "2494"]
[BlackElo "2460"]
[Annotator "ChessBase"]
[PlyCount "93"]
[EventDate "2021.05.04"]
[EventType "team-tourn"]
[EventCountry "NET"]
[SourceTitle "playchess.com"]
[Source "ChessBase"]
[SourceQuality "1"]
[WhiteTeam "Slovakia"]
[BlackTeam "Austria"]
[WhiteTeamCountry "SVK"]
[BlackTeamCountry "AUT"]
[TimeControl "40/5400+30:1800+30"]

1. c4 {[%emt 0:00:00]} e6 {[%emt 0:00:06]} 2. g3 {[%emt 0:00:26]} d5 {[%emt 0:00:24]} 3. Bg2 {[%emt 0:00:09]} Nf6 {[%emt 0:00:12]} 4. Nf3 {[%emt 0:00:25]} dxc4 {[%emt 0:00:09]} 5. Qa4+ {[%emt 0:00:16]} c6 {[%emt 0:00:12]} 6. Qxc4 {[%emt 0:00:59]} b5 {[%emt 0:00:05]} 7. Qc2 {[%emt 0:01:51]} Bb7 {[%emt 0:00:06]} 8. O-O {[%emt 0:08:20]} c5 {[%emt 0:00:43]} 9. a4 {[%emt 0:04:31]} b4 {[%emt 0:02:41]} 10. Rd1 {[%emt 0:07:56]} Nbd7 {[%emt 0:00:32]} 11. d3 {[%emt 0:05:41]} Be7 {[%emt 0:00:43]} 12. Nbd2 {[%emt 0:00:36]} O-O {[%emt 0:00:23]} 13. Nc4 {[%emt 0:01:54]} Rc8 {[%emt 0:01:23]} 14. b3 {[%emt 0:13:52]} Bxf3 {[%emt 0:18:42]} 15. Bxf3 {[%emt 0:01:02]} Nd5 {[%emt 0:00:05]} 16. Bb2 {[%emt 0:08:06]} Bf6 {[%emt 0:01:01]} 17. d4 {[%emt 0:00:33]} cxd4 {[%emt 0:00:47]} 18. Bxd4 {[%emt 0:01:16]} Bxd4 {[%emt 0:04:53]} 19. Rxd4 {[%emt 0:00:20]} N7b6 {[%emt 0:04:52]} 20. Qd2 {[%emt 0:02:45]} Qf6 {[%emt 0:03:59]} 21. Nxb6 {[%emt 0:01:38]} Nxb6 {[%emt 0:00:49]} 22. a5 {[%emt 0:07:50]} Nd5 {[%emt 0:01:53]} 23. Bxd5 {[%emt 0:01:52]} exd5 {[%emt 0:00:28]} 24. Rd1 {[%emt 0:00:46]} g6 {[%emt 0:02:34]} 25. Rxb4 {[%emt 0:04:52]} Rfe8 {[%emt 0:05:00]} 26. Rb7 {[%emt 0:07:45]} Qf5 {[%emt 0:05:08]} 27. Qxd5 {[%emt 0:05:41]} Rc1 {[%emt 0:03:45]} 28. Qd2 {[%emt 0:08:30]} Rc2 {[%emt 0:01:15]} 29. Re7 {[%emt 0:04:07]} Rxe7 {[%emt 0:04:55]} 30. Qd8+ {[%emt 0:00:04]} Kg7 {[%emt 0:00:03]} 31. Qxe7 {[%emt 0:00:01]} Qxa5 {[%emt 0:00:13]} 32. Rd7 {[%emt 0:00:23]} Qa1+ {[%emt 0:03:00]} 33. Kg2 {[%emt 0:00:04]} Qf6 {[%emt 0:00:08]} 34. Rxa7 {[%emt 0:01:02]} Rb2 {[%emt 0:00:12]} 35. Qe3 {[%emt 0:00:56]} Qf5 {[%emt 0:01:06]} 36. Qd4+ {[%emt 0:00:26]} Qf6 {[%emt 0:00:04]} 37. Qe3 {[%emt 0:00:03]} Qf5 {[%emt 0:00:03]} 38. Rb7 {[%emt 0:01:23]} Rc2 {[%emt 0:03:10]} 39. Qd4+ {[%emt 0:00:33]} Kh6 {[%emt 0:00:05]} 40. Qe3+ {[%emt 0:00:00]} Kg7 {[%emt 0:00:00]} 41. Qd4+ {[%emt 0:08:37]} Kh6 {[%emt 0:00:25]} 42. e4 {[%emt 0:00:35]} Qe6 {[%emt 0:01:24]} 43. Rb6 {[%emt 0:03:23]} Qe7 {[%emt 0:01:09]} 44. Rf6 {[%emt 0:00:23]} Re2 {[%emt 0:01:22]} 45. Rf4 {[%emt 0:01:12]} g5 {[%emt 0:00:58]} 46. Rf6+ {[%emt 0:00:46]} Kh5 {[%emt 0:00:06]} 47. h3 {[%emt 0:00:17]} 1-0